Plan de negocios para la creación de una planta procesadora de productos deshidratados (especias y hortalizas) en el municipio de Estelí, departamento de Estelí

El sector agrícola se ha desarrollado en un ambiente socioeconómico de multiples cambios con propósitos de provocar una transformación estructura capaz de dinamizar la actividad sectorial y nacional, donde los productos puedan dar valor agregado a las materias primas que producen y no comerciali...

Full description

Bibliographic Details
Main Authors: Aguilar Tórrez, Mauren Mercymaría, Castillo Zeledón, Perla Celeste, Torrez Castillo, Vianka Rosa
Other Authors: Tutor: Blandón Navarro, Sandra Lorena
Format: Tesis Section = Libro
Language:Undetermined
Spanish
Published: Estelí UNI/RUACS 2018
Subjects:
LEADER 01454nam a2200301Ia 4500
008 240830s9999 xx 000 0 und d
040 |a BIBLIOTECA-RUPAP Mon 658.11 A283 
041 |a spa 
082 |a Mon 658.11 A283 
100 1 |a Aguilar Tórrez, Mauren Mercymaría 
100 1 |b Castillo Zeledón, Perla Celeste 
100 1 |c  Torrez Castillo, Vianka Rosa 
245 1 0 |a Plan de negocios para la creación de una planta procesadora de productos deshidratados (especias y hortalizas) en el municipio de Estelí, departamento de Estelí 
260 |a Estelí  |b UNI/RUACS  |c 2018 
300 |a 163 p. :il. 
500 |a Contiene Anexos y CD 
502 |a Tesis (Ingeniero Agroindustrial)- UNI, 2018. 
520 3 |a El sector agrícola se ha desarrollado en un ambiente socioeconómico de multiples cambios con propósitos de provocar una transformación estructura capaz de dinamizar la actividad sectorial y nacional, donde los productos puedan dar valor agregado a las materias primas que producen y no comercializarlas en bruto. 
650 7 |a NUEVOS NEGOCIOS- ESTELÍ 
650 7 |b DESARROLLO DE NUEVOS PRODUCTOS 
650 7 |c PLANTA PROCESADORA DE PRODUCTOS DESHIDRATADOS- ASPECTOS ECONOMICOS 
650 7 |d PRODUCTOS DESHIDRATADOS- INDUSTRIA Y COMERCIO 
650 7 |e ESTUDIO DE MERCADO 
650 7 |f PLANIFICACION EMPRESARIAL 
700 1 |a Tutor:  |b Blandón Navarro, Sandra Lorena 
942 |c BK  |2 ddc 
991 |a TESIS 
999 |c 16840